000 00798nam a2200241Ia 4500
003 GCL
008 140319s9999 xx 000 0 ara d
040 _aGCL /
_cGCL
082 0 4 _a327.11
_bى ق
100 1 _aيونان لبيب رزق
245 1 0 _aقراءات تاريجية على هامش حرب الخليج /
_cيونان لبيب رزق
260 _a[S.N] :
_bالهيئة المصرية العامة للكتاب ،
_c1992
300 _a214 ص
490 _a
650 0 4 _aالعالم العربى
650 0 4 _aالاحوال السياسية
650 0 4 _aالشرق الاوسط
650 0 4 _aحرب الخليج
650 0 4 _aالحدود السياسية
650 0 4 _aالحدود الجغرافية
650 0 4 _aالمياه الاقليمية
942 _2ddc
_cBK
999 _c28726
_d28726